La vie de Montaigne / (Record no. 175867)
[ view plain ]
| 000 -LEADER | |
|---|---|
| campo de control de longitud fija | 00720nam a22002415i 4500 |
| 001 - NÚMERO DE CONTROL | |
| campo de control | 175867 |
| 003 - IDENTIFICADOR DE NÚMERO DE CONTROL | |
| campo de control | ES-MaACL |
| 005 - FECHA Y HORA DE LA ÚLTIMA TRANSACCIÓN | |
| campo de control | 20240429130221.0 |
| 008 - DATOS DE LONGITUD FIJA--INFORMACIÓN GENERAL | |
| campo de control de longitud fija | 101126s1926 fr a |||| | fre d |
| 080 ## - NÚMERO DE LA CLASIFICACIÓN DECIMAL UNIVERSAL | |
| Número de la Clasificación Decimal Universal | 929 Montaigne |
| 080 ## - NÚMERO DE LA CLASIFICACIÓN DECIMAL UNIVERSAL | |
| Número de la Clasificación Decimal Universal | 1 Montaigne |
| 100 1# - ENTRADA PRINCIPAL--NOMBRE DE PERSONA | |
| Nombre de persona | Prévost, Jean. |
| 9 (RLIN) | 144086 |
| 245 13 - MENCIÓN DEL TÍTULO | |
| Título | La vie de Montaigne / |
| Mención de responsabilidad, etc. | par Jean Prévost. |
| 250 ## - MENCION DE EDICION | |
| Mención de edición | 3e éd. |
| 260 ## - PUBLICACIÓN, DISTRIBUCIÓN, ETC. | |
| Lugar de publicación, distribución, etc. | Paris : |
| Nombre del editor, distribuidor, etc. | Gallimard, |
| Fecha de publicación, distribución, etc. | 1926. |
| 300 ## - DESCRIPCIÓN FÍSICA | |
| Extensión | 227 p. , [2] h. : |
| Otras características físicas | 1 retr. ; |
| Dimensiones | 19 cm. |
| 490 1# - MENCIÓN DE SERIE | |
| Mención de serie | Vies des hommes illustres ; |
| Designación de volumen o secuencia | 4 |
| 546 ## - NOTA DE IDIOMA | |
| Nota de lengua/lenguaje | Texto en francés. |
| 600 14 - PUNTO DE ACCESO ADICIONAL DE MATERIA--NOMBRE DE PERSONA | |
| Nombre de persona | Montaigne, Michel de, |
| Fechas asociadas al nombre | 1533-1592 |
| 9 (RLIN) | 82329 |
| 830 0# - PUNTO DE ACCESO ADICIONAL DE SERIE-TÍTULO UNIFORME | |
| Título uniforme | Vies des hommes illustres ; |
| Designación de volumen o secuencia | 4 |
| 9 (RLIN) | 182839 |
| 852 ## - LOCALIZACIÓN | |
| Ubicación | ES-MaACL |
| Número de control de estantería | E-13689 |
| Estatus retirado | Estado de pérdida | Estado de daño | No para préstamo | Biblioteca de origen | Biblioteca actual | Ubicación en estantería | Fecha de adquisición | Fuente de adquisición | Total de préstamos | Signatura topográfica completa | Código de barras | Visto por última vez | Precio de reemplazo | Tipo de ítem Koha |
|---|---|---|---|---|---|---|---|---|---|---|---|---|---|---|
| Biblioteca del Ateneo de Madrid | Biblioteca del Ateneo de Madrid | Depósito 2 | 26/11/2010 | E-13689 | 1184682 | 23/02/2023 | 23/02/2023 | Libro impreso |
